| 000 | 00688nam a22002057a 4500 | ||
|---|---|---|---|
| 999 |
_c21319 _d21319 |
||
| 003 | AR-CdUCM | ||
| 008 | 190604b ||||| |||| 00| 0 spa d | ||
| 040 |
_aMUNICIPALIDAD PROVINCIAL DEL CUSCO _cBIBLIOTECA MUNICIPAL DEL CUSCO |
||
| 082 |
_aEP/461/F64 _bF64 |
||
| 100 |
_aFlorez Valenza, Jessica _944483 |
||
| 245 | _aEstrategias de aprendizaje de una segunda lengua en educación inicial y primaria / | ||
| 260 |
_aCusco ; _bDann'ys Graff, _c2018. |
||
| 300 |
_a108 Páginas ; _c28 cm. |
||
| 650 |
_aEducación Inicial _93463 |
||
| 650 |
_aEducación primaria _91561 |
||
| 650 |
_aIdiomas _924850 |
||
| 650 |
_aEnseñanza de idiomas _944484 |
||
| 942 |
_2ddc _cLIBROS |
||
| 945 | _aRoel | ||